Countries Björk has Visited - Statistics

General Stats
  • This quiz has been taken 148 times
    64 since last reset
  • The average score is 37 of 47
Answer Stats
Continent Country % Correct
North America United States of America
100%
North America Canada
98%
Asia China
98%
Europe United Kingdom
98%
South America Brazil
96%
Europe France
96%
Asia Japan
96%
Asia/ Europe Russia
93%
South America Argentina
91%
Europe Finland
91%
Europe Iceland
91%
Europe Italy
91%
Europe Portugal
91%
Europe Spain
91%
Europe Sweden
91%
North America Mexico
89%
Oceania Australia
87%
South America Chile
87%
South America Colombia
87%
Europe Germany
87%
Europe Denmark
82%
Europe Ireland
82%
Europe Austria
80%
Europe Belgium
80%
Asia Indonesia
80%
Europe Norway
80%
Asia South Korea
80%
Asia Thailand
80%
Europe Greece
78%
Asia/ Europe Turkey
76%
Europe Poland
73%
Europe the Netherlands
73%
South America Peru
71%
Oceania New Zealand
69%
Europe Czech Republic
67%
Europe Switzerland
67%
Europe Hungary
62%
Asia Israel
62%
Asia Taiwan
60%
Europe Luxembourg
58%
Asia Singapore
58%
Europe Slovakia
56%
North America Costa Rica
51%
Europe Lithuania
49%
Africa Morocco
49%
Europe Latvia
47%
Asia Georgia
40%
No matching quizzes found
Score Distribution
Percent of People with Each Score
Percentile by Number Answered
Your Score History
You have not taken this quiz since the last reset